000 00344nam a2200133Ia 4500
008 240624s9999 xx 000 0 und d
041 _aeng
082 _a658.314 GOE
100 _aGOEGAN NAOMI
245 _aIBO FIELD GUIDE HOW TO GET SUCCESS IN DI
260 _c2007
_aMumbai
_bEmbassy Books
300 _a96 : p. : cm. ; 20
365 _cRS
_b25
999 _c22289
_d22289